[Event "BL2-West 2122"]
[Site "Germany"]
[Date "2022.07.02"]
[Round "9.5"]
[White "Zude, Erik"]
[Black "Suvorov, Luca"]
[Result "1/2-1/2"]
[WhiteElo "2380"]
[BlackElo "2301"]
[PlyCount "81"]
[EventDate "2022.03.05"]
[EventType "team-tourn"]
[EventRounds "10"]
[EventCountry "GER"]
[SourceTitle "EXT 2023"]
[Source "ChessBase"]
[SourceDate "2022.10.05"]
[SourceVersion "1"]
[SourceVersionDate "2022.10.05"]
[SourceQuality "1"]
[WhiteTeam "Hofheim"]
[BlackTeam "Koeln Porz"]
[WhiteTeamCountry "GER"]
[BlackTeamCountry "GER"]

1. d4 Nf6 2. c4 e6 3. Nc3 Bb4 4. e3 0-0 5. Bd3 c5 6. a3 Bxc3+ 7. bxc3 d6 8. e4 Nc6 9. Ne2 e5 10. d5 Ne7 11. f3 Ne8 12. Ng3 Ng6 13. Nf5 Nf4 14. Bf1 g6 15. Nh6+ Kg7 16. g3 Kxh6 17. h4 Kg7 18. gxf4 Nf6 19. fxe5 dxe5 20. Bg5 h6 21. Be3 b6 22. Qd2 Rh8 23. Bd3 Nh5 24. 0-0-0 Qf6 25. Rde1 Bd7 26. Bc2 Rac8 27. Rhg1 Nf4 28. Bxf4 exf4 29. Rh1 Qe5 30. Kb2 Rb8 31. Ka2 Rb7 32. Rb1 Rhb8 33. Rb2 Re8 34. Rbb1 Qf6 35. Bd3 Re5 36. Kb2 Rh5 37. Qe1 Ba4 38. Kc1 Rc7 39. Kd2 Bd7 40. Bc2 Qe5 41. Qf2 1/2-1/2

[Event "Hessenliga 1921"]
[Site "Hessen"]
[Date "2019.09.22"]
[Round "1.1"]
[White "Rutkowski, Ingo"]
[Black "Zude, Erik"]
[Result "1/2-1/2"]
[WhiteElo "2157"]
[BlackElo "2382"]
[PlyCount "122"]
[EventDate "2019.09.22"]
[EventType "team-tourn"]
[EventRounds "9"]
[EventCountry "GER"]
[SourceTitle "EXT 2024"]
[Source "ChessBase"]
[SourceDate "2023.10.10"]
[SourceVersion "1"]
[SourceVersionDate "2023.10.10"]
[SourceQuality "1"]
[WhiteTeam "Frankfurt TV"]
[BlackTeam "Hofheim II"]
[WhiteTeamCountry "GER"]
[BlackTeamCountry "GER"]

1. e4 c5 2. Nf3 d6 3. d4 cxd4 4. Nxd4 Nf6 5. Nc3 a6 6. Be2 e5 7. Nb3 Be7 8. Be3 Be6 9. 0-0 0-0 10. Kh1 Nbd7 11. a4 Rc8 12. f4 Re8 13. a5 h6 14. Qe1 Bf8 15. Nd2 exf4 16. Bxf4 d5 17. e5 d4 18. exf6 dxc3 19. fxg7 Bxg7 20. bxc3 Bd5 21. Qf2 Rxc3 22. Bf3 Nf6 23. Qg3 Nh5 24. Qg4 Nxf4 25. Qxf4 Bxf3 26. Nxf3 Qc7 27. Qa4 Qc6 28. Qg4 Rc4 29. Qg3 Qc7 30. Rae1 Rxe1 31. Qxe1 Qc6 32. Ne5 Bxe5 33. Qxe5 Rxc2 34. Qg3+ Qg6 35. Qf3 Rb2 36. h3 Rb1 37. Rxb1 Qxb1+ 38. Kh2 Qb5 39. Qg3+ Kh7 40. Qc7 Qd5 41. Qb6 h5 42. Qf6 Kg8 43. Qb6 Kg7 44. Kh1 Kf8 45. Qc7 Ke8 46. Qc8+ Ke7 47. Qc7+ Ke6 48. Qc8+ Ke5 49. Qc3+ Ke4 50. Qb4+ Kd3 51. Kh2 Kc2 52. Kh1 f6 53. Qa4+ Kd3 54. Qb4 Kc2 55. Qb6 f5 56. Kh2 Kc3 57. Kh1 Kc4 58. Kh2 Qc6 59. Qd8 Kc5 60. Kh1 Kb4 61. Qd2+ Kc4 1/2-1/2

[Event "Hessen-ch"]
[Site "Frankfurt"]
[Date "2019.05.30"]
[Round "4"]
[White "Weber, Samuel"]
[Black "Zude, Erik"]
[Result "1-0"]
[WhiteElo "2160"]
[BlackElo "2402"]
[PlyCount "135"]
[EventDate "2019.05.29"]
[EventType "swiss"]
[EventRounds "9"]
[EventCountry "GER"]
[SourceTitle "EXT 2020"]
[Source "ChessBase"]
[SourceDate "2019.10.17"]
[SourceVersion "1"]
[SourceVersionDate "2019.10.17"]
[SourceQuality "1"]

1. Nf3 d5 2. g3 c6 3. Bg2 Bg4 4. d3 Nd7 5. Nbd2 e6 6. b3 Bd6 7. Bb2 Ngf6 8. c4 0-0 9. 0-0 a5 10. a3 Re8 11. Qc2 e5 12. h3 Bh5 13. e4 dxe4 14. Nxe4 Nxe4 15. dxe4 Qc7 16. Nh4 Rad8 17. Bf3 Bxf3 18. Nxf3 Nf8 19. c5 Be7 20. Bxe5 Qd7 21. Kg2 Qd3 22. Qxd3 Rxd3 23. b4 axb4 24. axb4 f6 25. Bc7 Rc8 26. Bf4 Ne6 27. Rfd1 Rb3 28. Rd7 Bf8 29. Bd2 Rc7 30. Rxc7 Nxc7 31. Ra7 Na6 32. e5 fxe5 33. Nxe5 Rb2 34. Be3 Rxb4 35. Nxc6 Re4 36. Rxb7 Bxc5 37. Kf3 Re6 38. Nd4 Re7 39. Rb5 Bxd4 40. Bxd4 Nc7 41. Rb7 Nd5 42. Rb8+ Kf7 43. Bc5 Rd7 44. Rf8+ Kg6 45. Ra8 Nf6 46. Ke3 Nd5+ 47. Ke4 Nf6+ 48. Kf3 Rd5 49. Be3 Rd7 50. g4 h6 51. Ra6 Kf7 52. Ra7 Rxa7 53. Bxa7 g6 54. Bd4 Nd7 55. Ke4 g5 56. Kf5 Nf8 57. Be3 Ng6 58. Bxg5 hxg5 59. Kxg5 Kg7 60. f4 Ne7 61. f5 Nd5 62. h4 Nf6 63. Kf4 Kf7 64. g5 Nd5+ 65. Ke5 Ne7 66. h5 Nc6+ 67. Kd5 Ne7+ 68. Ke4 1-0

[Event "Hessen-ch"]
[Site "Frankfurt"]
[Date "2019.05.29"]
[Round "1"]
[White "Zude, Erik"]
[Black "Arndt, Stefan"]
[Result "1/2-1/2"]
[WhiteElo "2402"]
[BlackElo "2225"]
[PlyCount "170"]
[EventDate "2019.05.29"]
[EventType "swiss"]
[EventRounds "9"]
[EventCountry "GER"]
[SourceTitle "EXT 2020"]
[Source "ChessBase"]
[SourceDate "2019.10.17"]
[SourceVersion "1"]
[SourceVersionDate "2019.10.17"]
[SourceQuality "1"]

1. c4 f5 2. Nc3 Nf6 3. Nf3 d6 4. g3 e5 5. d3 Be7 6. Bg2 0-0 7. 0-0 Qe8 8. e3 Nc6 9. Rb1 a5 10. a3 Qh5 11. Nh4 g5 12. Qxh5 Nxh5 13. Nf3 f4 14. Nd2 Bf5 15. Nde4 Rae8 16. Bd2 Bd8 17. Nd5 Be6 18. Rfe1 f3 19. Bf1 g4 20. h3 gxh3 21. Kh2 b6 22. Bxh3 Bxh3 23. Kxh3 Ne7 24. g4 Nxd5 25. cxd5 Nf6 26. Nxf6+ Rxf6 27. e4 Rg6 28. Rbc1 Kg7 29. Rh1 Rh8 30. Kg3 h5 31. Kxf3 Rf8+ 32. Ke2 hxg4 33. Rcg1 Rh8 34. Rxh8 Kxh8 35. a4 Kg7 36. b3 Kf7 37. Be3 Ke8 38. Kf1 Rg7 39. Kg2 Kf7 40. Rh1 Ke8 41. Rh5 Kd7 42. Kg3 c6 43. Rh8 c5 44. Rh5 Be7 45. Kg2 Bd8 46. Rh6 Be7 47. Rh1 Bd8 48. Rg1 Rh7 49. Kf1 Rh4 50. Ke2 Be7 51. Kd2 Bd8 52. Kc3 b5 53. axb5 Kc7 54. Kc4 Kb6 55. Rg2 Be7 56. Bd2 Bd8 57. Rg1 Rh2 58. Be3 Rh4 59. Rb1 Rh3 60. Bd2 Rf3 61. Be1 Bh4 62. Rb2 g3 63. fxg3 Bxg3 64. Bxg3 Rxg3 65. Rh2 Rg1 66. Kc3 Rg6 67. Rh8 Kxb5 68. Rc8 Kb6 69. Kb2 Kb5 70. Ka3 Rg3 71. Ra8 Rxd3 72. Rb8+ Ka6 73. Rc8 Rd4 74. Rc6+ Kb5 75. Rxd6 Rxe4 76. Rd8 Rd4 77. Rb8+ Ka6 78. Rd8 Rd2 79. Rd7 Kb6 80. Rd6+ Kb5 81. Rd8 e4 82. Rb8+ Ka6 83. Re8 Rxd5 84. Rxe4 Kb5 85. Re8 Rd4 1/2-1/2

[Event "Helsingor Xtracon op"]
[Site "Helsingor"]
[Date "2017.07.29"]
[Round "9"]
[White "Jaksland, Tim"]
[Black "Zude, Erik"]
[Result "1/2-1/2"]
[WhiteElo "2227"]
[BlackElo "2421"]
[PlyCount "34"]
[EventDate "2017.07.22"]
[EventType "swiss"]
[EventRounds "10"]
[EventCountry "DEN"]
[SourceTitle "CBM 179 Extra"]
[Source "ChessBase"]
[SourceDate "2017.08.23"]
[SourceVersion "1"]
[SourceVersionDate "2017.08.23"]
[SourceQuality "1"]

1. d4 Nf6 2. Bf4 g6 3. Nc3 d5 4. e3 a6 5. Be2 Bg7 6. h4 c5 7. Nf3 Nc6 8. Ne5 Qa5 9. Qd2 Be6 10. h5 Nxe5 11. Bxe5 Nxh5 12. Rxh5 gxh5 13. Bxg7 Rg8 14. Be5 Rxg2 15. 0-0-0 Rxf2 16. Qe1 Rg2 17. Bf3 Rg5 1/2-1/2

[Event "Helsingor Xtracon op"]
[Site "Helsingor"]
[Date "2017.07.23"]
[Round "2"]
[White "Zude, Erik"]
[Black "Jensen, Morten Frank"]
[Result "1-0"]
[WhiteElo "2421"]
[BlackElo "2063"]
[PlyCount "53"]
[EventDate "2017.07.22"]
[EventType "swiss"]
[EventRounds "10"]
[EventCountry "DEN"]
[SourceTitle "CBM 179 Extra"]
[Source "ChessBase"]
[SourceDate "2017.08.23"]
[SourceVersion "1"]
[SourceVersionDate "2017.08.23"]
[SourceQuality "1"]

1. c4 g6 2. g3 Bg7 3. Bg2 c5 4. Nc3 Nc6 5. Nf3 b6 6. 0-0 Bb7 7. e3 Nf6 8. d4 0-0 9. d5 Na5 10. Qd3 d6 11. Bd2 a6 12. e4 b5 13. b3 Nd7 14. Rac1 Bc8 15. Rfe1 bxc4 16. bxc4 Nb6 17. Nd1 Na4 18. Qa3 Bd7 19. e5 Rb8 20. e6 fxe6 21. Ng5 Rb2 22. Nxe6 Bxe6 23. Nxb2 Bxb2 24. Qxa4 Rxf2 25. Kxf2 Bd4+ 26. Be3 Qf8+ 27. Kg1 1-0

[Event "Hessen-ch"]
[Site "Marburg"]
[Date "2017.05.27"]
[Round "7"]
[White "Zude, Erik"]
[Black "Zude, Arno"]
[Result "1-0"]
[WhiteElo "2407"]
[BlackElo "2394"]
[PlyCount "89"]
[EventDate "2017.05.24"]
[EventType "swiss"]
[EventRounds "9"]
[EventCountry "GER"]
[SourceTitle "EXT 2018"]
[Source "ChessBase"]
[SourceDate "2017.10.13"]
[SourceVersion "1"]
[SourceVersionDate "2017.10.13"]
[SourceQuality "1"]

1. c4 e5 2. g3 Nf6 3. Bg2 d5 4. cxd5 Nxd5 5. Nc3 Nb6 6. Nf3 Nc6 7. 0-0 Be7 8. Rb1 Be6 9. b4 a6 10. a3 0-0 11. d3 Nd5 12. Ne4 Qc8 13. Qc2 f6 14. Bd2 Rd8 15. Rfd1 Bf7 16. Nc5 Bf8 17. Rbc1 Nde7 18. Bc3 b6 19. Ne4 a5 20. b5 Na7 21. a4 c5 22. Nfd2 Nd5 23. Nc4 Qe6 24. Rf1 Nc8 25. f4 exf4 26. gxf4 Ra7 27. f5 Qe8 28. Bb2 Nd6 29. Nexd6 Bxd6 30. Qd2 Re7 31. Rf2 Bc7 32. Kh1 Bf4 33. Rxf4 Rxe2 34. Re4 Rxd2 35. Rxe8+ Rxe8 36. Nxd2 Re2 37. Nc4 Nf4 38. Bf1 Bxc4 39. Rxc4 Rf2 40. Kg1 Nxd3 41. Bc1 Rf3 42. Bxd3 Rxd3 43. Bf4 Rd7 44. Re4 Kf7 45. Re6 1-0

[Event "Hessen-ch"]
[Site "Marburg"]
[Date "2017.05.26"]
[Round "6"]
[White "Kersten, Uwe"]
[Black "Zude, Erik"]
[Result "0-1"]
[WhiteElo "2269"]
[BlackElo "2407"]
[PlyCount "70"]
[EventDate "2017.05.24"]
[EventType "swiss"]
[EventRounds "9"]
[EventCountry "GER"]
[SourceTitle "EXT 2018"]
[Source "ChessBase"]
[SourceDate "2017.10.13"]
[SourceVersion "1"]
[SourceVersionDate "2017.10.13"]
[SourceQuality "1"]

1. d4 Nf6 2. Bf4 g6 3. Nc3 d5 4. e3 a6 5. h3 c5 6. Nf3 Nc6 7. Be2 Bg7 8. 0-0 0-0 9. dxc5 Qa5 10. Ne5 Qxc5 11. Na4 Qa5 12. c4 Nxe5 13. Bxe5 dxc4 14. Bd4 b5 15. Bf3 Rb8 16. Be5 bxa4 17. Bxb8 Nd7 18. Bf4 Bxb2 19. Qe2 c3 20. Rad1 Kg7 21. e4 a3 22. Rd5 Qa4 23. Qe3 Re8 24. Rxd7 Bxd7 25. Be5+ Kg8 26. Bxc3 Be6 27. Qd2 Rb8 28. Rd1 Bxa2 29. Qd8+ Qe8 30. Qa5 Be6 31. Bg4 Bb3 32. Rb1 Rb5 33. Qc7 Qb8 34. Qxb8+ Rxb8 35. Bxb2 Bc2 0-1

[Event "Hessen-ch"]
[Site "Marburg"]
[Date "2017.05.25"]
[Round "4"]
[White "Chandler, Patrick"]
[Black "Zude, Erik"]
[Result "1-0"]
[WhiteElo "2190"]
[BlackElo "2407"]
[PlyCount "117"]
[EventDate "2017.05.24"]
[EventType "swiss"]
[EventRounds "9"]
[EventCountry "GER"]
[SourceTitle "EXT 2018"]
[Source "ChessBase"]
[SourceDate "2017.10.13"]
[SourceVersion "1"]
[SourceVersionDate "2017.10.13"]
[SourceQuality "1"]

1. e4 c5 2. Nf3 d6 3. Nc3 Nf6 4. d4 cxd4 5. Nxd4 a6 6. Bc4 e6 7. a4 Be7 8. Be3 Nc6 9. Bb3 Bd7 10. f3 0-0 11. 0-0 Na5 12. Ba2 Rc8 13. Qd3 Qc7 14. Rfd1 Nc4 15. Bxc4 Qxc4 16. Qxc4 Rxc4 17. Nb3 Rfc8 18. Bb6 d5 19. e5 Ne8 20. a5 Nc7 21. Nd4 f6 22. f4 fxe5 23. fxe5 Na8 24. Ba7 Rb4 25. Rdb1 b5 26. axb6 Bc5 27. Nce2 Rxd4 28. Nxd4 Bxd4+ 29. Kh1 Bxb6 30. Rxa6 Bb5 31. Rxb6 Nxb6 32. Bxb6 Rxc2 33. Kg1 Bd3 34. Rd1 Be4 35. Bd4 Rxg2+ 36. Kf1 Rxh2 37. b4 Bc2 38. Ra1 Rh3 39. Kg2 Rb3 40. Bc5 Be4+ 41. Kh2 d4 42. Rd1 d3 43. Kg3 g5 44. Kf2 Kg7 45. Ke3 Bf5 46. Kd4 Rb2 47. Kc3 Rc2+ 48. Kb3 Be4 49. Be3 Kg6 50. b5 h5 51. b6 Re2 52. Rxd3 h4 53. Bc5 Re1 54. Bb4 Rb1+ 55. Kc3 Rc1+ 56. Kd2 Bxd3 57. b7 h3 58. b8Q h2 59. Qg8+ 1-0

[Event "Hessen-ch"]
[Site "Marburg"]
[Date "2017.05.25"]
[Round "3"]
[White "Zude, Erik"]
[Black "Dunsbach, Ralf"]
[Result "1/2-1/2"]
[WhiteElo "2407"]
[BlackElo "2189"]
[PlyCount "92"]
[EventDate "2017.05.24"]
[EventType "swiss"]
[EventRounds "9"]
[EventCountry "GER"]
[SourceTitle "EXT 2018"]
[Source "ChessBase"]
[SourceDate "2017.10.13"]
[SourceVersion "1"]
[SourceVersionDate "2017.10.13"]
[SourceQuality "1"]

1. c4 c5 2. Nc3 Nc6 3. Nf3 g6 4. g3 Bg7 5. Bg2 e6 6. d4 cxd4 7. Nb5 d5 8. cxd5 Qa5+ 9. Bd2 Qxb5 10. dxc6 Ne7 11. cxb7 Bxb7 12. 0-0 0-0 13. Qb3 Qxb3 14. axb3 Bd5 15. Bb4 Rfe8 16. Bc5 Nc6 17. Ra6 Rec8 18. b4 Rab8 19. Bd6 Rb6 20. Rxb6 axb6 21. Rc1 Ne7 22. Rc7 Rxc7 23. Bxc7 b5 24. Bd6 Nc6 25. Ne1 Bxg2 26. Kxg2 Bf8 27. Bxf8 Kxf8 28. Nc2 Ke7 29. Na3 Na7 30. f4 Kd6 31. Kf3 f5 32. e4 dxe3 33. Kxe3 e5 34. b3 e4 35. h3 h5 36. g4 hxg4 37. hxg4 fxg4 38. Nb1 Nc6 39. Nc3 Nxb4 40. Nxe4+ Ke6 41. Kf2 Kf5 42. Nd6+ Kxf4 43. Nxb5 Nd3+ 44. Kg2 g3 45. Nd4 Kg4 46. Ne2 Nf4+ 1/2-1/2

[Event "Hessen-ch"]
[Site "Marburg"]
[Date "2017.05.24"]
[Round "1"]
[White "Zude, Erik"]
[Black "Bethke, Richard"]
[Result "1/2-1/2"]
[WhiteElo "2423"]
[BlackElo "2223"]
[PlyCount "119"]
[EventDate "2017.05.24"]
[EventType "swiss"]
[EventRounds "9"]
[EventCountry "GER"]
[SourceTitle "EXT 2018"]
[Source "ChessBase"]
[SourceDate "2017.10.13"]
[SourceVersion "1"]
[SourceVersionDate "2017.10.13"]
[SourceQuality "1"]

1. c4 e6 2. Nf3 Nf6 3. g3 d5 4. Bg2 Be7 5. 0-0 0-0 6. b3 b6 7. Bb2 Bb7 8. d3 Nbd7 9. a3 c5 10. e3 Rc8 11. Nc3 Qc7 12. Qe2 Qb8 13. cxd5 Nxd5 14. Nxd5 Bxd5 15. Rab1 Bf6 16. e4 Bc6 17. d4 cxd4 18. Nxd4 Bxd4 19. Bxd4 e5 20. Be3 Nc5 21. Bxc5 bxc5 22. Rfc1 Bb5 23. Qe3 Qd6 24. Rd1 Qe7 25. Rd5 Rfd8 26. Rc1 Rxd5 27. exd5 c4 28. Bf1 Qxa3 29. bxc4 Qb2 30. Qe1 Ba6 31. Ra1 Bxc4 32. Bxc4 Rxc4 33. Rb1 Qc2 34. Rb8+ Rc8 35. Qxe5 g6 36. Rxc8+ Qxc8 37. Qe7 Qc1+ 38. Kg2 Qc4 39. Qe8+ Kg7 40. Qe5+ Kf8 41. Qd6+ Kg7 42. Qe5+ Kf8 43. d6 Qc6+ 44. Kh3 Qd7+ 45. g4 f5 46. Qh8+ Kf7 47. Qxh7+ Ke6 48. Qxg6+ Kd5 49. g5 a5 50. Qg8+ Kxd6 51. Qb8+ Ke7 52. Qe5+ Kf7 53. Qxa5 Qd3+ 54. Kg2 Qe4+ 55. f3 Qe2+ 56. Kg3 f4+ 57. Kg4 Qg2+ 58. Kf5 Qh3+ 59. Ke5 Qxf3 60. Qc7+ 1/2-1/2

[Event "BL2-West 1617"]
[Site "Germany"]
[Date "2017.04.23"]
[Round "8.8"]
[White "Zude, Erik"]
[Black "Fieberg, Samuel"]
[Result "1-0"]
[WhiteElo "2407"]
[BlackElo "2241"]
[PlyCount "83"]
[EventDate "2016.10.16"]
[EventType "team-tourn"]
[EventRounds "9"]
[EventCountry "GER"]
[SourceTitle "EXT 2018"]
[Source "ChessBase"]
[SourceDate "2017.10.13"]
[SourceVersion "1"]
[SourceVersionDate "2017.10.13"]
[SourceQuality "1"]
[WhiteTeam "Hofheim"]
[BlackTeam "Koeln Porz"]
[WhiteTeamCountry "GER"]
[BlackTeamCountry "GER"]

1. c4 c6 2. Nf3 Nf6 3. g3 d5 4. Bg2 Bg4 5. 0-0 Nbd7 6. cxd5 cxd5 7. d4 e6 8. Bf4 Be7 9. Nc3 0-0 10. Qb3 Qb6 11. Ne5 Nxe5 12. Qxb6 axb6 13. dxe5 Nd7 14. h3 Bh5 15. g4 Bg6 16. e4 dxe4 17. a3 Nc5 18. Be3 f5 19. exf6 Bxf6 20. Rfd1 Rf7 21. Rd6 Ra6 22. Rad1 Be5 23. Rxb6 Rxb6 24. Rd8+ Rf8 25. Rxf8+ Kxf8 26. Bxc5+ Rd6 27. Bxe4 Ke8 28. Bxd6 Bxd6 29. Bxg6+ hxg6 30. Kf1 Kd7 31. Ke2 Kc6 32. Kd3 Be5 33. Kc4 b5+ 34. Nxb5 Bxb2 35. Nd4+ Kd6 36. a4 e5 37. Nb5+ Kc6 38. f3 Bc1 39. a5 Bf4 40. a6 Kb6 41. a7 Kb7 42. Kd5 1-0

[Event "Helsingor Xtracon op"]
[Site "Helsingor"]
[Date "2016.07.30"]
[Round "9"]
[White "Zude, Erik"]
[Black "Svane, Rasmus"]
[Result "0-1"]
[WhiteElo "2403"]
[BlackElo "2549"]
[PlyCount "88"]
[EventDate "2016.07.23"]
[EventType "swiss"]
[EventRounds "10"]
[EventCountry "DEN"]
[SourceTitle "CBM 173 Extra"]
[Source "ChessBase"]
[SourceDate "2016.08.29"]
[SourceVersion "1"]
[SourceVersionDate "2016.08.29"]
[SourceQuality "1"]

1. c4 e6 2. Nf3 d5 3. g3 dxc4 4. Qa4+ Bd7 5. Qxc4 c5 6. Bg2 Bc6 7. 0-0 Nf6 8. d3 Nbd7 9. Qc2 Be7 10. e4 0-0 11. Bf4 Rc8 12. Nbd2 Bb5 13. Rfd1 Nb8 14. Nc4 Nc6 15. Rac1 Ba6 16. Qe2 Re8 17. h3 Nd7 18. h4 Bf8 19. Bg5 Qc7 20. Bf4 e5 21. Bd2 Nb6 22. Ne3 Rcd8 23. Bc3 Qd7 24. Ne1 Nd4 25. Qf1 Qa4 26. Ra1 Qc6 27. Rac1 Qa4 28. Ra1 c4 29. b3 cxb3 30. axb3 Qxb3 31. Ba5 Qe6 32. Rab1 Bc5 33. Rdc1 Qd6 34. Nd5 Rc8 35. Bh3 Rc6 36. Ne3 Nd7 37. Bd2 Nf6 38. Kh1 Nxe4 39. dxe4 Bxf1 40. Bxf1 Bb6 41. Rd1 Qg6 42. Bg2 Ne2 43. Nd3 Rd6 44. Bb4 Bxe3 0-1

[Event "Helsingor Xtracon op"]
[Site "Helsingor"]
[Date "2016.07.28"]
[Round "7"]
[White "Zude, Erik"]
[Black "Vovk, Andrey"]
[Result "1/2-1/2"]
[WhiteElo "2403"]
[BlackElo "2637"]
[PlyCount "113"]
[EventDate "2016.07.23"]
[EventType "swiss"]
[EventRounds "10"]
[EventCountry "DEN"]
[SourceTitle "CBM 173 Extra"]
[Source "ChessBase"]
[SourceDate "2016.08.29"]
[SourceVersion "1"]
[SourceVersionDate "2016.08.29"]
[SourceQuality "1"]

1. c4 Nf6 2. Nc3 g6 3. g3 d5 4. cxd5 Nxd5 5. Bg2 Nb6 6. d3 Bg7 7. Be3 h6 8. Rc1 N8d7 9. Nf3 0-0 10. 0-0 c6 11. Qb3 Kh7 12. Rfd1 Nf6 13. Bd4 g5 14. Ne4 g4 15. Bxf6 exf6 16. Nfd2 f5 17. Nc5 Qf6 18. Rc2 f4 19. Nde4 Qe5 20. d4 Qc7 21. gxf4 Qxf4 22. e3 Qc7 23. Ng3 Qe7 24. a4 Rd8 25. Rdc1 Nd5 26. a5 a6 27. Rc4 Bf8 28. Be4+ Kg8 29. Bb1 Qg5 30. Qd3 Bg7 31. Qh7+ Kf8 32. Nce4 Qg6 33. Nc5 Qg5 34. Nf5 Rb8 35. Qxg7+ Qxg7 36. Nxg7 Kxg7 37. Be4 Nc7 38. Nd3 f5 39. Bg2 Be6 40. Rc5 Kf6 41. Nf4 Rd6 42. h3 gxh3 43. Bxh3 Nd5 44. Nd3 Rg8+ 45. Kh2 Rg5 46. f4 Rg7 47. Re1 Nc7 48. Rg1 Nd5 49. Re1 Nc7 50. Re5 Rd8 51. Nc5 Bc8 52. Rg1 Rxg1 53. Kxg1 Nb5 54. Na4 Be6 55. Nc5 Bc8 56. Na4 Be6 57. Nc5 1/2-1/2

[Event "Helsingor Xtracon op"]
[Site "Helsingor"]
[Date "2016.07.27"]
[Round "6"]
[White "Amin, Bassem"]
[Black "Zude, Erik"]
[Result "1-0"]
[WhiteElo "2654"]
[BlackElo "2403"]
[PlyCount "147"]
[EventDate "2016.07.23"]
[EventType "swiss"]
[EventRounds "10"]
[EventCountry "DEN"]
[SourceTitle "CBM 173 Extra"]
[Source "ChessBase"]
[SourceDate "2016.08.29"]
[SourceVersion "1"]
[SourceVersionDate "2016.08.29"]
[SourceQuality "1"]

1. e4 c5 2. d3 g6 3. g3 Bg7 4. Bg2 Nc6 5. f4 d6 6. Nf3 e5 7. 0-0 Nge7 8. c3 0-0 9. Be3 b6 10. f5 gxf5 11. Nh4 f4 12. gxf4 exf4 13. Bxf4 Ng6 14. Nf5 Bxf5 15. exf5 Nxf4 16. Rxf4 d5 17. Nd2 Ne5 18. Qh5 Nd7 19. Kh1 Nf6 20. Qh4 Qd6 21. Rg1 Rae8 22. Bxd5 Qxd5+ 23. Ne4 Kh8 24. Rxg7 Rg8 25. Rxg8+ Nxg8 26. f6 Re6 27. Rf3 c4 28. Qg5 Qxg5 29. Nxg5 Rxf6 30. dxc4 Kg7 31. Kg2 h6 32. Rxf6 Nxf6 33. Nf3 Ne4 34. Nd4 Nd6 35. b3 Ne4 36. Nb5 a6 37. Nc7 Nxc3 38. a4 Ne4 39. Nxa6 Kf6 40. b4 Ke5 41. a5 bxa5 42. bxa5 Nd2 43. Nc5 Nxc4 44. a6 Kd5 45. a7 Nb6 46. Nd7 Na8 47. Kf3 Kd6 48. Nf6 Kc7 49. Kg4 Kb7 50. Kh5 Nc7 51. Kxh6 Ne6 52. h4 Kxa7 53. Kh7 Kb7 54. h5 Kc6 55. h6 Kd6 56. Ne4+ Ke7 57. Kg8 Nf8 58. Nd6 Nd7 59. Nf5+ Ke8 60. Kg7 Nf8 61. Kh8 Ne6 62. Kg8 Nf4 63. h7 Ng6 64. Kg7 Nh8 65. Kf6 Kd7 66. Nh4 Ke8 67. Nf3 Ng6 68. Ne5 Nh8 69. Kg7 f5 70. Ng6 Nf7 71. Kf6 f4 72. Nxf4 Nh8 73. Ng6 Nf7 74. Kg7 1-0

[Event "Helsingor Xtracon op"]
[Site "Helsingor"]
[Date "2016.07.25"]
[Round "4"]
[White "Zude, Erik"]
[Black "Marin, Mihail"]
[Result "1-0"]
[WhiteElo "2403"]
[BlackElo "2576"]
[PlyCount "103"]
[EventDate "2016.07.23"]
[EventType "swiss"]
[EventRounds "10"]
[EventCountry "DEN"]
[SourceTitle "CBM 173 Extra"]
[Source "ChessBase"]
[SourceDate "2016.08.29"]
[SourceVersion "1"]
[SourceVersionDate "2016.08.29"]
[SourceQuality "1"]

1. d4 Nf6 2. c4 e6 3. Nc3 Bb4 4. e3 0-0 5. Bd3 d5 6. Nf3 b6 7. 0-0 Ba6 8. cxd5 exd5 9. Bxa6 Nxa6 10. Qd3 Qc8 11. b3 Qb7 12. Bb2 Rfe8 13. Rac1 Rac8 14. Rfd1 Bd6 15. Qf5 c6 16. a3 Nb8 17. b4 b5 18. e4 dxe4 19. Ne5 Rc7 20. Re1 Rce7 21. Nxe4 Nxe4 22. Rxe4 f6 23. Rh4 h6 24. Rxh6 Bxe5 25. Qh7+ Kf8 26. dxe5 gxh6 27. Qxh6+ Kg8 28. Qg6+ Kf8 29. Qh6+ Kg8 30. Qg6+ Kf8 31. Qxf6+ Rf7 32. Qh6+ Rg7 33. e6 Kg8 34. Rc5 Rd8 35. g3 Rd1+ 36. Kg2 Rd5 37. Rc3 c5 38. f3 c4 39. Rc2 Rf5 40. Rf2 Rf8 41. Qh5 a6 42. Re2 Rh7 43. Qg4+ Rg7 44. Qh5 Rh7 45. Qg4+ Rg7 46. Bxg7 Qxg7 47. e7 Re8 48. Qe6+ Qf7 49. Qd6 Kg7 50. Re4 Qf5 51. Rg4+ Kh7 52. Rf4 1-0